000 00506nam a22001697a 4500
005 20251108171022.0
008 250721s1997 xx 000 0 ara d
082 1 4 _a371.3/محم
100 1 _aعدس، محمد عبد الرحيم
245 1 0 _aنهج جديد في التعلم والتعليم /
264 1 _aعمان :
_bدار الفكر للنشر والتوزيع،
_c1997.
300 _a336ص
650 1 7 _aالتدريس
650 1 7 _aالمعلمون
942 _2ddc
_cBK
999 _c54497
_d54497